| Tag |
First Indicator |
Second Indicator |
Subfields |
| LEADER |
00000cam a2200000Ka 4500 |
| 001 |
in00004358021 |
| 005 |
20210728140407.0 |
| 006 |
m o d |
| 007 |
cr cn||||||||| |
| 008 |
100621s2010 enk o 000 0 eng d |
| 020 |
|
|
|a 1849732299
|q (electronic bk.)
|
| 020 |
|
|
|a 9781849732291
|q (electronic bk.)
|
| 024 |
7 |
|
|a 10.1039/9781849732291
|2 doi
|
| 035 |
|
|
|a (OCoLC)642693647
|
| 035 |
|
|
|a (OCoLC)ocn642693647
|
| 035 |
|
|
|a 6431578
|
| 037 |
|
|
|a T3325
|b Royal Society of Chemistry
|n http://www.rsc.org/spr
|
| 040 |
|
|
|a UKRSC
|b eng
|e pn
|c UKRSC
|d OCLCQ
|d N$T
|d MHW
|d YDXCP
|d OCLCF
|d DEBSZ
|d OCLCQ
|d NJR
|d NLE
|d STF
|d LEAUB
|d AU@
|d OCLCQ
|d HS0
|d UtOrBLW
|
| 043 |
|
|
|a e------
|
| 049 |
|
|
|a TXAM
|
| 050 |
|
4 |
|a TD255
|b .W3865 2010
|
| 072 |
|
7 |
|a TEC
|x 010030
|2 bisacsh
|
| 082 |
0 |
4 |
|a 363.6/1094
|2 22
|
| 245 |
0 |
4 |
|a The water framework directive :
|b action programmes and adaptation to climate change /
|c Philippe Quevauviller [and others].
|
| 264 |
|
1 |
|a [Cambridge] :
|b [Royal Society of Chemistry],
|c [2010]
|
| 264 |
|
4 |
|c [©2010]
|
| 300 |
|
|
|a 1 online resource
|
| 336 |
|
|
|a text
|b txt
|2 rdacontent
|
| 337 |
|
|
|a computer
|b c
|2 rdamedia
|
| 338 |
|
|
|a online resource
|b cr
|2 rdacarrier
|
| 490 |
1 |
|
|a Special Publication
|
| 500 |
|
|
|a Electronic resource.
|
| 505 |
0 |
|
|a Chapter 1: Scene Setting; Chapter 2: Integrating Ecosystem and Environmental Knowledge; Chapter 3: Integrating Climate Change Hazards; Chapter 4: Threats to Water Resources at River Basin Scale; Chapter 5: Stakeholder's views and Science-Policy Interfacing
|
| 520 |
|
|
|a Proceedings of a conference on ""Integrated River Basin Management under the Water Framework Directive"", held at Le Nouveau Siecle, Lille, France on 26th-28th April 2010. The book reviews technical challenges faced by EU Member States, stakeholder organisations and scientists while developing the first River Basin Management Plan under the Water Framework Directive (WFD). It focusses on aspects of multi-sectoral and multidisciplinary integration and how emerging issues such as adaptation to climate change will be considered in the future.
|
| 650 |
|
0 |
|a Water quality management
|x Government policy
|z Europe.
|
| 650 |
|
0 |
|a Water quality monitoring stations
|z Europe.
|
| 650 |
|
0 |
|a Water quality
|z Europe
|x Measurement.
|
| 650 |
|
7 |
|a Chemistry.
|2 bicssc
|
| 650 |
|
7 |
|a Environmental science, engineering & technology.
|2 bicssc
|
| 650 |
|
7 |
|a Law - Europe, except U.K.
|2 hilcc
|
| 650 |
|
7 |
|a Law - Non-U.S.
|2 hilcc
|
| 650 |
|
7 |
|a Law, Politics & Government.
|2 hilcc
|
| 650 |
|
7 |
|a TECHNOLOGY & ENGINEERING
|x Environmental
|x Water Supply.
|2 bisacsh
|
| 650 |
|
7 |
|a Water quality management
|x Government policy.
|2 fast
|0 (OCoLC)fst01171917
|
| 650 |
|
7 |
|a Water quality monitoring stations.
|2 fast
|0 (OCoLC)fst01171949
|
| 650 |
|
7 |
|a Water quality
|x Measurement.
|2 fast
|0 (OCoLC)fst01171854
|
| 651 |
|
7 |
|a Europe.
|2 fast
|0 (OCoLC)fst01245064
|
| 655 |
|
7 |
|a Electronic books.
|2 local
|
| 700 |
1 |
|
|a Quevauviller, Ph.
|0 http://id.loc.gov/authorities/names/n94106044
|
| 830 |
|
0 |
|a Special publication.
|
| 856 |
4 |
0 |
|u http://proxy.library.tamu.edu/login?url=https://dx.doi.org/10.1039/9781849732291
|z Connect to the full text of this electronic book
|t 0
|
| 955 |
|
|
|a RSC eBooks
|
| 994 |
|
|
|a 92
|b TXA
|
| 999 |
f |
f |
|s c2994687-36ee-31a6-930d-e4d3756791ad
|i 7b1aeff4-30fb-369a-8aad-477c0d770312
|t 0
|
| 952 |
f |
f |
|a Texas A&M University
|b College Station
|c Electronic Resources
|d Available Online
|t 0
|e TD255 .W3865 2010
|h Library of Congress classification
|
| 998 |
f |
f |
|a TD255 .W3865 2010
|t 0
|l Available Online
|